[Event "ARG-ch 86th"]
[Site "La Plata"]
[Date "2012.07.12"]
[Round "11"]
[White "D'Ascanio, Adolfo"]
[Black "Mansilla, Martin"]
[Result "0-1"]
[WhiteElo "1906"]
[BlackElo "2037"]
[PlyCount "82"]
[EventDate "2012.07.04"]
[EventType "swiss"]
[EventRounds "11"]
[EventCountry "ARG"]
[SourceTitle "CBM 149 Extra"]
[Source "ChessBase"]
[SourceDate "2012.08.24"]
[SourceVersion "1"]
[SourceVersionDate "2012.08.24"]
[SourceQuality "1"]

1. d4 Nf6 2. Nf3 e6 3. Bg5 c5 4. e3 Qb6 5. Nc3 Qxb2 6. Nb5 Qb4+ 7. Nd2 Qa5 8. c3 d5 9. Bf4 Na6 10. dxc5 Bxc5 11. Nb3 Qb6 12. Nxc5 Qxc5 13. Bd6 Qc6 14. Ba3 Nc5 15. Qd4 b6 16. Qe5 0-0 17. Nc7 Ncd7 18. Qd6 Qxc3+ 19. Ke2 Ne4 20. Qb4 Qc2+ 21. Ke1 Qxc7 22. Rc1 Nec5 23. h4 a5 24. Qg4 Nf6 25. Qd4 e5 26. Qb2 Ba6 27. Bxa6 Rxa6 28. Qe2 Raa8 29. h5 h6 30. g4 Nfe4 31. g5 Nxg5 32. Rg1 e4 33. Kf1 Qd7 34. Rg3 Qf5 35. Rb1 Rab8 36. Kg2 Rfe8 37. Bb2 Nd3 38. Bd4 b5 39. Rg1 Ne5 40. Kh1 Nef3 41. Qb2 f6 0-1

[Event "ARG-ch 86th"]
[Site "La Plata"]
[Date "2012.07.06"]
[Round "3"]
[White "Pichot, Alan"]
[Black "D'Ascanio, Adolfo"]
[Result "1-0"]
[WhiteElo "2287"]
[BlackElo "1906"]
[PlyCount "47"]
[EventDate "2012.07.04"]
[EventType "swiss"]
[EventRounds "11"]
[EventCountry "ARG"]
[SourceTitle "CBM 149 Extra"]
[Source "ChessBase"]
[SourceDate "2012.08.24"]
[SourceVersion "1"]
[SourceVersionDate "2012.08.24"]
[SourceQuality "1"]

1. e4 e6 2. d4 d5 3. Nc3 Nf6 4. e5 Nfd7 5. f4 c5 6. Nf3 Nc6 7. Ne2 b6 8. c3 Ba6 9. g3 Bxe2 10. Qxe2 cxd4 11. cxd4 Rc8 12. Bg2 Nb4 13. 0-0 Nc2 14. Rb1 Rc4 15. Rd1 Nb4 16. a3 Rc2 17. Bd2 Nc6 18. Qd3 Rc4 19. b3 Rxd4 20. Nxd4 Nxd4 21. Bb4 Bc5 22. Bxc5 bxc5 23. b4 Nf5 24. Bxd5 1-0

[Event "ARG-ch 86th"]
[Site "La Plata"]
[Date "2012.07.04"]
[Round "1"]
[White "Real de Azua, Ernesto"]
[Black "D'Ascanio, Adolfo"]
[Result "1-0"]
[WhiteElo "2474"]
[BlackElo "1906"]
[PlyCount "75"]
[EventDate "2012.07.04"]
[EventType "swiss"]
[EventRounds "11"]
[EventCountry "ARG"]
[SourceTitle "CBM 149 Extra"]
[Source "ChessBase"]
[SourceDate "2012.08.24"]
[SourceVersion "1"]
[SourceVersionDate "2012.08.24"]
[SourceQuality "1"]

1. d4 Nf6 2. c4 e6 3. Nc3 d5 4. cxd5 exd5 5. Bg5 Be7 6. e3 c6 7. Bd3 Nbd7 8. Qc2 0-0 9. Nge2 Re8 10. 0-0 Nf8 11. f3 h6 12. Bh4 Nh5 13. Bf2 Bd6 14. Kh1 g6 15. e4 Nf4 16. Nxf4 Bxf4 17. e5 h5 18. Ne2 Bh6 19. f4 Bg4 20. f5 Bxe2 21. Qxe2 Qg5 22. Rad1 gxf5 23. Bg3 Qg4 24. Rxf5 Ne6 25. Rxh5 Qxe2 26. Bxe2 Be3 27. Bg4 Nf4 28. Rf5 Ng6 29. Rd3 Bc1 30. b3 Kg7 31. Rf1 Ba3 32. Bf5 Rh8 33. b4 Bxb4 34. Rb3 a5 35. a3 Bd2 36. Rxb7 Nh4 37. Bc2 Kg8 38. Rfxf7 1-0